La planificación del desarrollo

Bewaard in:
Bibliografische gegevens
Hoofdauteur: Ahumada C., Jorge (Auteur)
Formaat: Boek
Taal:Spaans
Gepubliceerd in: Santiago ICIRA 1969
Editie:3a. ed
Onderwerpen:
Tags: Voeg label toe
Geen labels, Wees de eerste die dit record labelt!

MARC

LEADER 00000nam a2200000 a 4500
001 UCR8656
003 CL-VaPUC
008 980529e19690000CL |||||||||||||||||spa|d
082 0 4 |a 338.9  |b AHU  |2 21 
100 0 |a Ahumada C., Jorge  |e author  |9 410661 
245 1 3 |a La planificación del desarrollo 
250 |a 3a. ed 
300 |a 79 p 
942 |c BK 
945 |d 19980529 00:00:00  |a crobeson 
260 |a Santiago  |b ICIRA  |c 1969 
650 7 |a PLANIFICACION  |2 CL-VaPUC  |9 260802 
650 0 |a Desarrollo económico  |9 259599 
650 0 |a Aspectos sociales  |9 254894 
583 |a last modification  |c 19980529 00:00:00  |k Rodrigo Vera 
999 |c 270052  |d 270050 
952 |0 0  |1 0  |4 0  |6 338_900000000000000_AHU_1969  |7 0  |8 A  |9 304169  |a BIBENE  |b BIBENE  |d 2019-11-20  |i 1403966  |o 338.9 AHU 1969  |p 1403966  |r 2025-01-15  |w 2019-11-20  |y BK  |k ICO 
952 |0 0  |1 0  |4 0  |6 338_900000000000000_AHU_1969  |7 0  |8 A  |9 304170  |a BIBGIM  |b BIBGIM  |d 2019-11-20  |i 4076613  |o 338.9 AHU 1969  |p 4076613  |r 2025-01-15  |w 2019-11-20  |y BK  |k GIM